000 01152cab a2200337 4500
001 ABS52760
008 090401t1995 xxu||||| |||| 00| 0 eng d
035 _a(Sirsi) u3
041 _aeng
245 _aViewpoint 1995: real estate value trends
260 _c1995
350 _a0
490 _aNational Real Estate Investor
_vSpecial Supplement 37(3) March 1995, 1-33 (LOAN)
520 _aAn annual publication of economic and property data for the United States and briefly for other countries, which seeks to assist property investment decisions.
650 _aCANADA
650 _aDEMOGRAPHICS
650 _aECONOMY
650 _aEMPLOYMENT
650 _aINDUSTRIAL MARKET
650 _aINVESTMENT MARKET
650 _aPROPERTY-COMMERCIAL PROPERTY-OFFICE PROPERTY-OFFICE PROPERTY MARKET
650 _aPROPERTY MARKET
650 _aREITS MARKET
650 _aPROPERTY-COMMERCIAL PROPERTY-RETAIL PROPERTY-RETAIL PROPERTY MARKET
650 _aUNITED STATES
650 _aVACANCY RATES
690 _aPROPERTY-COMMERCIAL PROPERTY-COMMERCIAL PROPERTY MARKET
690 _aOVERSEAS-NORTH AMERICA
942 _n0
948 _c04/03/1997
999 _c1
_d1